| 000 | 00347nam a22001217a 4500 | ||
|---|---|---|---|
| 008 | 230619b xxu||||| |||| 00| 0 eng d | ||
| 082 |
_a304.8 _bZEI |
||
| 100 | _cAppraisal Group | ||
| 110 | _bAppraisal Group | ||
| 245 |
_aReview and Assessment Report _bOn the parliamentary Movement on population and Development |
||
| 300 | _a61p | ||
| 942 |
_2ddc _cBK |
||
| 999 |
_c1365 _d1365 |
||